00212nam a2200073Ia 4500008004100000082000800041100001500049245007400064240331s9999 xx 000 0 und d bKOD aKodikara,C 4aThe struggle for equal political representation of women in Sri Lanka